000 00594nam1a22002051i 4500
001 rc\861472
005 20240723222705.0
035 _a(NLR Aleph) 006239460
090 _a6653192
_c6653192
100 _a20041129g19849999u |0rusy50 ca
101 0 _arus
102 _aRU
105 _ay |||||||||
200 1 _aРусские говоры Среднего Приобья
_f[Редактор В.В. Палагина]
210 _aТомск
_cИзд-во Том. ун-та
_d1984-
215 _d20
801 0 _aRU
_bNLR
_gpsbo
801 1 _aRU
_bELAR
_2rusmarc
852 _aNLR
_j85-3/10797
942 _cBOOK